| 000 | 01420nam a2200253Ia 4500 | ||
|---|---|---|---|
| 001 | Z_6811 | ||
| 008 | 220601s9999 xx 000 0 und d | ||
| 020 | _a978-607-715-305-4 | ||
| 082 | _a338.1498 G36 | ||
| 245 | _aLa Ganadería en América Latina y el Caribe : alternativas para la producción competitiva, sustentable e incluyente de alimentos de origen animal / editores Rafael Nuñez Domínguez, Rodolfo Ramírez Valverde, Salvador Fernández Rivera...[et al.] | ||
| 260 | _aGaudalajara, Jal. México : Fundación Colegio de Postgraduados en Ciencias Agricolas : Colegio de Postgraduados : Universidad Autónoma Chapingo : Asociación Latinoamericana de Producción Animal : Organización de las Naciones Unidas para la Alimentación y la Agricultura : Instituto Interamericano de Cooperación para la Agricultura | ||
| 300 | _a809 p. | ||
| 440 |
_aBiblioteca Básica de Agricultura _912245 |
||
| 503 | _aej.1: consumo \ ej.2: consumo \ ej.3: consumo \ ej.4: consumo \ ej.5. consumo | ||
| 504 | _aIncluye bibliografía | ||
| 650 | _a1. Ganadería -- América Latina | ||
| 650 | _aGanadería -- Producción -- América Latina | ||
| 700 |
_aNuñez Domínguez, Rafael, ed. \ Ramírez Valverde, Rodolfo, ed. \ Fernández Rivera, Salvador, ed.Ì _9184402 |
||
| 901 | _a338.1498 G36 | ||
| 902 | _aM | ||
| 905 | _a5232272015 mx dmn 8222223322spa16 | ||
| 942 | _c1 | ||
| 999 |
_c217177 _d217177 |
||